Statistics for Countries containing specific 2-letter blocks #2

Click here to take the quiz!

General Stats

  • This quiz has been taken 103 times
  • The average score is 10 of 20

Answer Stats

Country% Correct
Brazil
74%
Libya
71%
Liberia
70%
Namibia
68%
Namibia
68%
Chile
67%
Chile
67%
Lesotho
67%
Lebanon
61%
Federated States Of Micronesia
48%
Thailand
38%
Philippines
36%
Dominica
35%
Dominican Republic
35%
Seychelles
35%
United Arab Emirates
35%
Kiribati
32%
Djibouti
30%
Swaziland
27%
Sierra Leone
21%

Score Distribution

Percentile by Number Answered

Percent of People with Each Score

Your Score History

You have not taken this quiz